Statistiche per Città più grandi d'Europa

Clicka qui per fare il quiz!

Statistiche generali

  • Questo quiz è stato fatto 1,024 volte
  • Il punteggio medio è 30 su 50

Statistiche sulle risposte

Popolazione Città % Corretto
3.60 milRoma
99%
5.15 milMilano
98%
11.2 milParigi
98%
6.25 milMadrid
97%
14.4 milLondra
96%
16.9 milMosca
94%
4.50 milBerlino
94%
4.65 milBarcellona
90%
4.25 milNapoli
90%
2.60 milLisbona
87%
3.45 milAtene
84%
2.58 milBudapest
84%
2.20 milMonaco
83%
2.38 milAmsterdam
83%
2.15 milVienna
83%
1.68 milTorino
81%
2.20 milBucarest
78%
2.28 milVarsavia
77%
2.08 milStoccolma
76%
1.47 milPraga
76%
5.45 milSan Pietroburgo
75%
2.03 milBruxelles
74%
3.00 milManchester
74%
1.64 milMarsiglia
74%
3.38 milKiev
71%
1.61 milCopenaghen
71%
1.93 milLione
66%
14.3 milIstanbul
66%
2.75 milAmburgo
61%
1.83 milLiverpool
59%
1.40 milBelgrado
59%
1.75 milValencia
59%
3.13 milFrancoforte
58%
4.85 milColonia / Düsseldorf
53%
1.96 milMinsk
50%
3.10 milRotterdam/L'Aia
43%
1.62 milGlasgow
40%
2.33 milStoccarda
38%
3.13 milBirmingham
38%
2.15 milLeeds
22%
1.46 milNewcastle
14%
1.47 milDonetsk
12%
1.41 milVolgograd
11%
1.60 milEkaterinburg
10%
1.76 milNižnij Novgorod
9%
1.54 milSheffield
9%
1.65 milCharkiv
7%
1.39 milDnipro
5%
1.53 milMannheim
4%
1.40 milČeljabinsk
3%

Distribuzione punteggi

Percentile per numero di risposta

Percentuale di utenti per punteggio

I tuoi punteggi nel tempo

Non hai fatto questo quiz